| 000 | 00752nam a2200229 a 4500 | ||
|---|---|---|---|
| 005 | 20241113063727.0 | ||
| 008 | 030815s2000 mx r 000 0 spa d | ||
| 020 | _a8436814347 | ||
| 035 | _aUPN01000127960 | ||
| 049 | _aCG | ||
| 050 | 4 |
_aHQ818 _bC3.2 |
|
| 100 | 1 | _aCantón Duarte, José | |
| 245 | 1 | 0 |
_aConflictos matrimoniales, divorcio y desarrollo de los hijos / _cJosé Cantón Duarte, María del Rosario Cortés Arboleda, María Dolores Justicia Díaz. |
| 260 |
_aMadrid : _bPirámide, _c2000. |
||
| 300 | _a355 p. | ||
| 440 | 0 | _aPsicología | |
| 650 | 2 |
_aDivorcio _914831 |
|
| 650 | 4 |
_aMatrimonio _95341 |
|
| 700 | 1 |
_aCortés Arboleda, María del Rosario, _ecoaut. |
|
| 700 | 1 |
_aJusticia Díaz, María Dolores, _ecoaut. |
|
| 905 | _aLibro | ||
| 999 |
_c100139 _d100139 |
||